Nelson and the Nile : the naval war against Bonaparte, 1798 /

محفوظ في:

المؤلف الرئيسي: Lavery, Brian. (مؤلف)

التنسيق: كتاب

اللغة: English

منشور في: London : Caxton Editions, 2003.

الموضوعات:

الوسوم: إضافة وسم

لا توجد وسوم, كن أول من يضع وسما على هذه التسجيلة!

رقم الطلب: DC226 .N5 L38 2003

LEADER 00975nam a2200253Ia 4500
003 OSt
005 20251216112626.0
008 211223r20031998enkab 000 0 eng d
020 |a 9781840675221 
020 |a 1840675225 
040 |c ARCE Library 
050 4 |a DC226 .N5 L38 2003 
100 1 |a Lavery, Brian.  |e author 
245 1 0 |a Nelson and the Nile :   |b the naval war against Bonaparte, 1798 /   |c Brian Lavery. 
264 1 |a London :   |b Caxton Editions,   |c 2003. 
300 |a 318 pages :   |b illustrations (some color), maps ;   |c 25 cm. 
500 |a First published in Great Britain in 1998 by Chatham publishing London. 
504 |a Includes bibliographical references (pages [304]-313) and index. 
600 1 0 |a Nelson, Horatio Nelson, Viscount, 1758-1805   |x military leadership. 
600 0 0 |a Napoleon   |b I,   |c Emperor of the French,   |d 1769-1821   |x Military leadership. 
650 0 |a Nile, Battle of the, Egypt, 1798. 
901 |a reviewed 
942 |2 lcc  |c BK 
999 |c 41273  |d 41273